الترنزستور و الترنزستبورات : (رقم التسجيلة. 30528)

تفاصيل مارك
000 -LEADER
fixed length control field 00698nam a22001817a 4500
005 - DATE AND TIME OF LATEST TRANSACTION
control field 20251108165540.0
008 - FIXED-LENGTH DATA ELEMENTS--GENERAL INFORMATION
fixed length control field 250721s9999 xx 000 0 ara d
082 14 - DEWEY DECIMAL CLASSIFICATION NUMBER
Classification number ط/609/لوت
100 1# - MAIN ENTRY--PERSONAL NAME
Personal name لوت، ف
245 10 - TITLE STATEMENT
Title الترنزستور و الترنزستبورات :
Remainder of title الأجهزه الفضائيه ، الأفران التي تتوهج فيها طاقة الشمس /
264 1# - PRODUCTION, PUBLICATION, DISTRIBUTION, MANUFACTURE, AND COPYRIGHT NOTICE
Place of production, publication, distribution, manufacture بيروت :
Name of producer, publisher, distributor, manufacturer منشورات مكتبة سمير،
Date of production, publication, distribution, manufacture, or copyright notice [19-].
300 ## - PHYSICAL DESCRIPTION
Extent 12ص :مص
490 0# - SERIES STATEMENT
Series statement سلسلة من كل علم خبر : من الذرة إلى الفضاء ؛ 28
650 17 - SUBJECT ADDED ENTRY--TOPICAL TERM
Topical term or geographic name as entry element الإختراعات
700 1# - ADDED ENTRY--PERSONAL NAME
Personal name سماحه، سهيل
Relator term ترجمة
942 ## - ADDED ENTRY ELEMENTS (KOHA)
Source of classification or shelving scheme Dewey Decimal Classification
Koha item type كتب
المقتنيات
حالة السحب حالة الفقدان مصدر التصنيف حالة التلف غير قابل للإعارة المكتبة الرئيسية المكتبة الحالية موقع الرف تاريخ التزويد الرقم المتسلسل Total Checkouts رقم الإستدعاء تاريخ آخر ظهور تاريخ الفاتورة نوع المادة (كوها)
    Dewey Decimal Classification Unchecked   مكتبة الجويدة مكتبة الجويدة الأطفال 06/07/2004 301   ط/609/لوت 28/07/2025 06/07/2004 كتب
Implemented & Customized by: BBB with SCIT (Smart Chains for Information Technology)

Powered by Koha